[Event "Nova Gorica op 22nd"]
[Site "Nova Gorica"]
[Date "2017.01.27"]
[Round "1"]
[White "Ceschia, Ivano"]
[Black "Kobal, Sasa"]
[Result "1-0"]
[WhiteElo "2257"]
[BlackElo "1772"]
[PlyCount "95"]
[EventDate "2017.01.27"]
[EventType "swiss"]
[EventRounds "9"]
[EventCountry "SLO"]
[SourceTitle "CBM 176 Extra"]
[Source "ChessBase"]
[SourceDate "2017.03.02"]
[SourceVersion "1"]
[SourceVersionDate "2017.03.02"]
[SourceQuality "1"]

1. e4 c5 2. Nf3 d6 3. d4 cxd4 4. Qxd4 Nc6 5. Bb5 Bd7 6. Bxc6 Bxc6 7. Nc3 Nf6 8. Bg5 e6 9. 0-0-0 Be7 10. Qd3 0-0 11. Nd4 Qa5 12. f4 Rfd8 13. Kb1 Rac8 14. h4 h6 15. g4 Qb6 16. Bxf6 Bxf6 17. Nce2 g6 18. g5 Bxd4 19. Nxd4 h5 20. Rh2 d5 21. e5 Bd7 22. Rhd2 a5 23. a3 Qc5 24. Nb3 Qa7 25. Qd4 b6 26. Qf2 Qc7 27. Qe2 b5 28. Rd4 Qb6 29. Qd2 Ra8 30. f5 b4 31. axb4 axb4 32. Rxb4 Qa7 33. Qd4 Qa2+ 34. Kc1 Rdc8 35. fxg6 fxg6 36. Kd2 Qa6 37. Qd3 Be8 38. Qxa6 Rxa6 39. Nd4 Ra7 40. Rf1 Rac7 41. b3 Rc3 42. Rb7 Rh3 43. Nxe6 Rh2+ 44. Kd1 Bc6 45. Rg7+ Kh8 46. Rff7 Rh1+ 47. Kd2 Rh2+ 48. Kc1 1-0

[Event "Trieste Excelsior Palace op 1st"]
[Site "Trieste"]
[Date "2017.01.05"]
[Round "6"]
[White "Kobal, Sasa"]
[Black "Calavalle, Giulio"]
[Result "1/2-1/2"]
[WhiteElo "1772"]
[BlackElo "2247"]
[PlyCount "68"]
[EventDate "2017.01.02"]
[EventType "swiss"]
[EventRounds "7"]
[EventCountry "ITA"]
[SourceTitle "CBM 176 Extra"]
[Source "ChessBase"]
[SourceDate "2017.03.02"]
[SourceVersion "1"]
[SourceVersionDate "2017.03.02"]
[SourceQuality "1"]

1. d4 d5 2. Nf3 Nf6 3. c4 e6 4. e3 c6 5. Nbd2 Nbd7 6. b3 Bd6 7. Bb2 0-0 8. Bd3 Re8 9. Ne5 Bf8 10. f4 c5 11. 0-0 cxd4 12. exd4 g6 13. Ndf3 Ne4 14. cxd5 exd5 15. f5 Nxe5 16. Nxe5 f6 17. fxg6 fxe5 18. gxh7+ Kh8 19. Qh5 Bg7 20. Bxe4 dxe4 21. Rf7 Re7 22. Raf1 Bd7 23. Qg6 Rxf7 24. Rxf7 Qf8 25. Rxf8+ Rxf8 26. Qxe4 Bf5 27. Qe3 e4 28. Qd2 Kxh7 29. d5 e3 30. Qe2 Bxb2 31. Qxb2 Bd3 32. Qc1 e2 33. Qc7+ Kh6 34. Qd6+ Kh7 1/2-1/2

[Event "Trieste Excelsior Palace op 1st"]
[Site "Trieste"]
[Date "2017.01.02"]
[Round "1"]
[White "Kobal, Sasa"]
[Black "Capaliku, Aleks"]
[Result "1/2-1/2"]
[WhiteElo "1772"]
[BlackElo "2049"]
[PlyCount "100"]
[EventDate "2017.01.02"]
[EventType "swiss"]
[EventRounds "7"]
[EventCountry "ITA"]
[SourceTitle "CBM 176 Extra"]
[Source "ChessBase"]
[SourceDate "2017.03.02"]
[SourceVersion "1"]
[SourceVersionDate "2017.03.02"]
[SourceQuality "1"]

1. e4 e5 2. Nf3 Nc6 3. Bb5 Nf6 4. 0-0 Nxe4 5. Re1 Nd6 6. Nxe5 Nxe5 7. Rxe5+ Be7 8. Ba4 0-0 9. d4 Bf6 10. Re1 Re8 11. c3 b5 12. Bc2 Rxe1+ 13. Qxe1 Qe8 14. Qxe8+ Nxe8 15. Be4 c6 16. Bf4 d5 17. Bd3 g5 18. Bg3 Ng7 19. Nd2 Bf5 20. Bxf5 Nxf5 21. Kf1 Nxg3+ 22. hxg3 a5 23. Nb3 Be7 24. Re1 Bd6 25. Re3 b4 26. Ke2 a4 27. Nc5 Bxc5 28. dxc5 b3 29. axb3 axb3 30. c4 dxc4 31. Kd2 Ra5 32. Kc3 Rxc5 33. Re4 Kf8 34. Rxc4 Rxc4+ 35. Kxc4 Ke7 36. Kxb3 Kd6 37. Kc4 g4 38. b4 Ke6 39. Kc5 Kd7 40. Kc4 Kc7 41. f3 Kb6 42. fxg4 h6 43. g5 hxg5 44. g4 Kc7 45. Kc5 Kd7 46. Kd4 Kd6 47. Ke4 Ke6 48. Kd4 Kd6 49. Ke4 Ke6 50. Kd4 Kd6 1/2-1/2